Giornale degli economisti / (Record no. 951)

MARC details
000 -LEADER
campo de control de longitud fija 00938nas a22002771i#4500
001 - NÚMERO DE CONTROL
campo de control 951
003 - IDENTIFICADOR DE NÚMERO DE CONTROL
campo de control ES-MaACL
005 - FECHA Y HORA DE LA ÚLTIMA TRANSACCIÓN
campo de control 20250721062531.0
007 - CAMPO FIJO DE DESCRIPCIÓN FÍSICA--INFORMACIÓN GENERAL
campo de control de longitud fija t|
008 - DATOS DE LONGITUD FIJA--INFORMACIÓN GENERAL
campo de control de longitud fija 950801d1875 it | | 1 ||ta d
080 ## - NÚMERO DE LA CLASIFICACIÓN DECIMAL UNIVERSAL
Número de la Clasificación Decimal Universal 33
245 00 - MENCIÓN DEL TÍTULO
Título Giornale degli economisti /
Mención de responsabilidad, etc. dir. Eugenio Forti.
260 ## - PUBLICACIÓN, DISTRIBUCIÓN, ETC.
Lugar de publicación, distribución, etc. Roma :
Nombre del editor, distribuidor, etc. [s.n.],
Fecha de publicación, distribución, etc. 1875- (
Lugar de fabricación/manufactura Bologna :
Fabricante Tip. Fava e Garagnani)
300 ## - DESCRIPCIÓN FÍSICA
Extensión 50 v. ;
Dimensiones 25 cm.
310 ## - PERIODICIDAD ACTUAL
Periodicidad actual Mensual
362 0# - FECHAS DE PUBLICACIÓN Y/O DESIGNACIÓN SECUENCIAL
Fecha de publicación y/o designación secuencial Año I (1875-)
500 ## - NOTA GENERAL
Nota general No se publicó de 1879 al 1885.
500 ## - NOTA GENERAL
Nota general A partir de 1910: Giornale degli economisti e rivista di statistica.
650 17 - PUNTO DE ACCESO ADICIONAL DE MATERIA--TÉRMINO DE MATERIA
Término de materia o nombre geográfico como elemento de entrada Economía
Fuente del encabezamiento o término embne
9 (RLIN) 12006
700 1# - ENTRADA AGREGADA--NOMBRE PERSONAL
Nombre de persona Forti, Eugenio,
Término indicativo de función/relación
9 (RLIN) 227561
700 1# - ENTRADA AGREGADA--NOMBRE PERSONAL
Nombre de persona Beneduce, Alberto,
Término indicativo de función/relación
9 (RLIN) 227562
700 1# - ENTRADA AGREGADA--NOMBRE PERSONAL
Nombre de persona Vecchio, Gustavo del.
9 (RLIN) 113509
852 ## - LOCALIZACIÓN
Ubicación ES-MaACL
Número de control de estantería Hem-354
866 #0 - MENCIÓN TEXTUAL DE FONDOS--UNIDAD BIBLIOGRÁFICA BÁSICA
Fondos 1878,1891-1910(1911f.ene.y mar.y abr.)(1912f.sep.),1934(1935f.may.-jul.y sep.)(1936f.jun.y ago.-dic.).
Holdings
Estatus retirado Estado de pérdida Estado de daño No para préstamo Colección Biblioteca de origen Biblioteca actual Ubicación en estantería Fecha de adquisición Fuente de adquisición Total de préstamos Signatura topográfica completa Código de barras Visto por última vez Precio de reemplazo Tipo de ítem Koha
        Periódicos y Revistas Biblioteca del Ateneo de Madrid Biblioteca del Ateneo de Madrid Depósito 1 17/01/2008     Hem-354 1000968 23/02/2023 23/02/2023 Revista